[Event "St Ingbert op"]
[Site "St Ingbert"]
[Date "1988.??.??"]
[Round "2"]
[White "Guengerich, Berthold"]
[Black "Hollinger, Lanka"]
[Result "1-0"]
[WhiteElo "1720"]
[BlackElo "1400"]
[PlyCount "105"]
[EventDate "1988.08.20"]
[EventType "swiss"]
[EventRounds "9"]
[EventCountry "GER"]
[SourceTitle "EXT 2002"]
[Source "ChessBase"]
[SourceDate "2001.11.25"]
[SourceVersion "1"]
[SourceVersionDate "2001.11.25"]
[SourceQuality "1"]

1. d4 Nf6 2. c4 e6 3. Nc3 Bb4 4. Bg5 Qe7 5. e3 h6 6. Bh4 b6 7. Bd3 c5 8. a3 Bxc3+ 9. bxc3 d6 10. Be4 Bb7 11. Bxf6 gxf6 12. Qa4+ b5 13. Qxb5+ Qd7 14. Qxd7+ Nxd7 15. Bxb7 Rb8 16. Bc6 Rg8 17. Ne2 Ke7 18. 0-0 Nb6 19. Bb5 e5 20. a4 h5 21. f4 Rg7 22. Ng3 Rh7 23. Nf5+ Ke6 24. fxe5 fxe5 25. d5+ Kf6 26. Nxd6+ Ke7 27. Ne4 Rd8 28. Nxc5 Rc8 29. Ne4 Nxc4 30. d6+ Nxd6 31. Nxd6 Kxd6 32. c4 Ke6 33. Rad1 f6 34. Rd5 Rg7 35. Rfd1 Rcc7 36. e4 Rce7 37. Rd6+ Kf7 38. Rf1 Re6 39. Rxe6 Kxe6 40. Rf5 Rh7 41. c5 Rh6 42. Bc4+ Ke7 43. Bd5 h4 44. a5 Rh8 45. g3 Rh6 46. g4 h3 47. Kf2 Rh8 48. Rh5 Rc8 49. c6 Kd6 50. Rxh3 Rb8 51. Rh7 Rb5 52. Rxa7 Rxd5 53. exd5 1-0